<?xml version="1.0" encoding="UTF-8"?>
<record
    xmlns:xsi="http://www.w3.org/2001/XMLSchema-instance"
    xsi:schemaLocation="http://www.loc.gov/MARC21/slim http://www.loc.gov/standards/marcxml/schema/MARC21slim.xsd"
    xmlns="http://www.loc.gov/MARC21/slim">

  <leader>03908nam a2200277   4500</leader>
  <controlfield tag="003">DO-SdUA</controlfield>
  <controlfield tag="005">20250325093536.0</controlfield>
  <controlfield tag="008">      s2020    dr a|| |||| 0 |a||0|spa d</controlfield>
  <datafield tag="040" ind1=" " ind2=" ">
    <subfield code="a">DO-SdUA</subfield>
    <subfield code="b">spa</subfield>
    <subfield code="c">DO-SdUA</subfield>
  </datafield>
  <datafield tag="041" ind1="0" ind2=" ">
    <subfield code="a">spa</subfield>
  </datafield>
  <datafield tag="092" ind1=" " ind2=" ">
    <subfield code="a">MA-EFD 0106 FCE 2020</subfield>
  </datafield>
  <datafield tag="100" ind1="1" ind2=" ">
    <subfield code="a">M&#xE9;ndez M&#xE9;ndez, Adriana</subfield>
  </datafield>
  <datafield tag="245" ind1="1" ind2="0">
    <subfield code="a">Estrategia metodol&#xF3;gica para el mejoramiento del aprendizaje del dribling en baloncesto en los estudiantes de primer grado de secundaria en el Centro Educativo Anacaona, Distrito Educativo 18-03, municipio Villa Jaragua, a&#xF1;o escolar 2018-2019 /</subfield>
    <subfield code="c"> Adriana M&#xE9;ndez M&#xE9;ndez.</subfield>
  </datafield>
  <datafield tag="260" ind1=" " ind2=" ">
    <subfield code="a">Neyba :</subfield>
    <subfield code="b">UASD,</subfield>
    <subfield code="c">2020.</subfield>
  </datafield>
  <datafield tag="300" ind1=" " ind2=" ">
    <subfield code="a">65 h. :</subfield>
    <subfield code="b">il.</subfield>
  </datafield>
  <datafield tag="502" ind1=" " ind2=" ">
    <subfield code="a">Tesis y trabajo de grado (Maestr&#xED;a en Educaci&#xF3;n F&#xED;sica y el Deporte)--Universidad Aut&#xF3;noma de Santo Domingo, Neyba, 2020.</subfield>
  </datafield>
  <datafield tag="504" ind1=" " ind2=" ">
    <subfield code="a">Incluye referencias bibliogr&#xE1;ficas y anexos.</subfield>
  </datafield>
  <datafield tag="520" ind1="3" ind2=" ">
    <subfield code="a">El objetivo general de esta investigaci&#xF3;n fue elaborar estrategias metodol&#xF3;gicas para el mejoramiento del aprendizaje del dribling en baloncesto, en los estudiantes de primer grado de secundaria en el Centro Educativo Anacaona, Distrito Educativo 18-03, municipio Villa Jaragua, a&#xF1;o escolar 2018-2019. Esta investigaci&#xF3;n es de tipo descriptiva con enfoque mixto y dise&#xF1;o no experimental. La poblaci&#xF3;n estuvo representada por 28 estudiantes de primer grado de secundaria, 1 profesor de educaci&#xF3;n f&#xED;sica y 3 especialistas, de donde se seleccion&#xF3; como muestra el 100% de la poblaci&#xF3;n. como t&#xE9;cnicas se utilizaron la observaci&#xF3;n, entrevista y consulta a expertos, y como instrumentos una gu&#xED;a de observaci&#xF3;n y el cuestionario. Se concluye con la evidencia de que los estudiantes determinan altos niveles de deficiencia en las actividades de baloncesto en referencia al fundamento t&#xE9;cnico del dribling, lo cual resta efectividad en el desarrollo de habilidades en esta pr&#xE1;ctica deportiva escolar. Se evidencia que los sujetos cognoscentes determinan poca solidez de los conocimientos ligados al baloncesto escolar, exponiendo insuficiente aplicaci&#xF3;n de los principios b&#xE1;sicos de las t&#xE9;cnicas del dribling en la praxis. Se confecciona la propuesta atendiendo a criterios novedosos y s&#xF3;lidos, siguiendo unos procesos sistem&#xE1;ticos y cr&#xED;ticos que aporten sugerencias factibles dirigidas a ser un referente en la pr&#xE1;ctica de baloncesto escolar a trav&#xE9;s de la clase de Educaci&#xF3;n F&#xED;sica. Se evidencia que los expertos validan la propuesta de acuerdo a los criterios valorados, los cuales determinan alta confiabilidad susceptible de surtir los efectos esperados en el contexto donde se dirige. Se recomend&#xF3; a los estudiantes continuar participando de manera activa en la pr&#xE1;ctica de baloncesto, a fin de fortalecer su dominio en cuanto a la t&#xE9;cnica del dribling, como mecanismo de contribuir al fortalecimiento de los conocimientos, habilidades, destrezas, actitudes y valores. Empoderamiento por parte de las autoridades correspondientes a la clase de Educaci&#xF3;n F&#xED;sica, con la finalidad de certificar el correcto funcionamiento de los procedimientos en esta &#xE1;rea. A la vez, organizar talleres dirigidos a fortificar el aprovechamiento distintas metodolog&#xED;as de ense&#xF1;anza y aprendizaje que peritan potenciar el desarrollo de habilidades en los estudiantes. Promover la b&#xFA;squeda del conocimiento, utilizar ejemplos sencillos para explicar la clase, indicar a los sujetos que aprenden lo que tienen que mejorar como mecanismo para reforzar las debilidades observadas en los mismos.</subfield>
  </datafield>
  <datafield tag="530" ind1=" " ind2=" ">
    <subfield code="a">Tambi&#xE9;n disponible en CD-ROM (CD MA-EFD 0106 FCE 2020).</subfield>
  </datafield>
  <datafield tag="650" ind1=" " ind2="7">
    <subfield code="2">lemb</subfield>
    <subfield code="9">51123</subfield>
    <subfield code="a">Baloncesto</subfield>
    <subfield code="x">Estrategia y t&#xE9;cnicas</subfield>
    <subfield code="x">Metodolog&#xED;a</subfield>
  </datafield>
  <datafield tag="650" ind1=" " ind2="7">
    <subfield code="2">lemb</subfield>
    <subfield code="9">52988</subfield>
    <subfield code="a">Deportes escolares</subfield>
  </datafield>
  <datafield tag="650" ind1=" " ind2="7">
    <subfield code="2">lemb</subfield>
    <subfield code="9">10569</subfield>
    <subfield code="a">Educaci&#xF3;n secundaria</subfield>
  </datafield>
  <datafield tag="651" ind1=" " ind2="7">
    <subfield code="9">53587</subfield>
    <subfield code="a">Provincia Bahoruco </subfield>
    <subfield code="y">2018-2019</subfield>
    <subfield code="z">Villa Jaragua</subfield>
  </datafield>
  <datafield tag="830" ind1=" " ind2=" ">
    <subfield code="a">Tesis y disertaciones acad&#xE9;micas (Universidad Aut&#xF3;noma de Santo Domingo)</subfield>
  </datafield>
  <datafield tag="942" ind1=" " ind2=" ">
    <subfield code="2">cl</subfield>
    <subfield code="c">T</subfield>
    <subfield code="n">0</subfield>
  </datafield>
  <datafield tag="999" ind1=" " ind2=" ">
    <subfield code="c">12669</subfield>
    <subfield code="d">12669</subfield>
  </datafield>
</record>
